• 首页
  • 本馆介绍
  • 公告通知
  • 最新文献
  • 馆藏检索
  • 电子资源
  • 读者导购
  • 参考咨询
  • 我的图书馆
  • 登录
  • 详细信息显示
  • 放入我的书架
  • 预约/预借图书
  • 作者相关作品
  • 分类相关作品
  • 丛书相关作品
  • 出版社相关作品

书目信息

  • 表格格式
  • 工作单格式
  • 卡片格式
题名:
有色金属材料的真空冶金
    
 
作者: 戴永年 , 杨斌 编著
分册:  
出版信息: 北京   冶金工业出版社  2000
页数: 547页
开本: 22cm
丛书名: 冶金反应工程学丛书
单 册:
中图分类: TF13
科图分类:
主题词: 有色金属冶金--真空冶金
电子资源:
ISBN: 978-7-5024-2464-0
000 00757nam2 2200253 450
001 012015000674
005 20150914103527.59
010    @a978-7-5024-2464-0@b精装@dCNY55.00
100    @a20150712e20002000km y0chiy0110 ea
101 0  @achi
102    @aCN@b110000
105    @ay z 000yy
106    @ar
200 1  @a有色金属材料的真空冶金@Ayou se jin shu cai liao de zhen kong ye jin@f戴永年, 杨斌编著
210    @a北京@c冶金工业出版社@d2000@h2013重印
215    @a547页@d22cm
225 2  @a冶金反应工程学丛书
461  0 @12001 @a冶金反应工程学丛书
606 0  @a有色金属冶金@x真空冶金
690    @aTF13@v5
701  0 @a戴永年@Adai yong nian@4编著
701  0 @a杨斌@Ayang bin@4编著
801  0 @aCN@b碧洲教育@c20150718
905    @a10447@f4@dTF13@e32
    
    有色金属材料的真空冶金/戴永年, 杨斌编著.-北京:冶金工业出版社,2000(2013重印)
    547页;22cm.-(冶金反应工程学丛书)
    
    
    ISBN 978-7-5024-2464-0(精装):CNY55.00
    
●
相关链接 在E读中查询图书 在五车中查询图书 在当当中查询图书 在豆瓣中查询图书


正题名:有色金属材料的真空冶金     索取号:TF13/32         预约/预借

序号 登录号 条形码 馆藏地/架位号 状态 备注
1 0848480   208484807   第二样本阅览室/ [索取号:TF13/32] 在馆    
2 0848481   208484816   密集书库-化学系/ [索取号:TF13/32] 在馆    
3 0848482   208484825   第三借阅区/ [索取号:TF13/32] 在馆    
4 0848483   208484834   第三借阅区/ [索取号:TF13/32] 在馆    
唐山师范学院图书馆 欢迎您!
大连网信软件有限公司© 版权所有